| 000 | 00834nam a2200265Ia 4500 | ||
|---|---|---|---|
| 005 | 20220316235453.0 | ||
| 008 | 121119s2000 ck gr 000 f spa | ||
| 020 | _a9580457883 | ||
| 041 | 0 | _aspa | |
| 100 | 1 |
_aGarcía Márquez, Gabriel _d1928- |
|
| 245 | 1 | 3 |
_aEl coronel no tiene quien le escriba _cGabriel García Márquez |
| 250 | _aPrimera edición | ||
| 300 |
_a102 páginas _c22 cm |
||
| 586 | _aPremio Nobel De Literatura, 1982 | ||
| 650 | 1 | 4 |
_aAutores colombianos _2LEMB |
| 650 | 1 | 4 |
_aLiteratura colombiana _ySiglo XX _2LEMB |
| 650 | 1 | 4 |
_aNovela colombiana _ySiglo XX _2LEMB |
| 942 |
_2loc _cBK |
||
| 264 |
_aBogotá _bNorma _c2000 |
||
| 336 |
_atexto _btxt _2rdacontent |
||
| 337 |
_asin mediación _bn _2rdamedia |
||
| 338 |
_avolumen _bnc _2rdacarrier |
||
| 040 |
_aCO-BoRNBP _bspa _erda _cCO-BoRNBP |
||
| 084 | _aN GAR2 | ||
| 999 |
_c1059 _d1059 |
||